000 00657cam a2200253 4500
001 2664254
005 20180123050157.0
008 730312s1973 onc b 001 0beng
010 _a 72185717
015 _aC***
020 _a0802018114
_a0802001343 (microfiche)
040 _aDLC
_cDLC
_dDLC
041 _aeng
080 _a330.153
082 0 0 _a330.153 HOL
100 1 _a19
101 _aSHP
245 1 4 _aThe economics of Adam Smith.
350 _a$15.00
400 1 1 _aHis
_tStudies in classical political economy,
_v1
504 _aBibliography: p. [328]-338.
906 _a7
_bcbc
_corignew
_d3
_encip
_f19
_gy-gencatlg
942 _2ddc
_cBK
999 _c40768
_d40768